|
|
|
|
| LEADER |
01583nam a22003017a 4500 |
| 001 |
33920 |
| 003 |
BD-DhAAL |
| 005 |
20250623151500.0 |
| 008 |
181030t2017 bg a|||| b||| 00| 0 eng d |
| 040 |
|
|
|a BD-DhAAL
|d BD-DhAAL
|
| 082 |
|
|
|2 21
|a 363.7387495492
|
| 245 |
|
|
|a Energy security and climate change in south Asia :
|b a threat analysis for Bangladesh, Nepal, Pakistan and Sri Lanka /
|c Bangladesh Institute of Peace and Studies (BIPSS), Centre for South Asian Studies (CSAS), National Defence University, Department of International Relations, Regional Centre for Strategic Studies (RCSS).
|
| 260 |
|
|
|a Germany :
|b Konrad-Adenauer-Stiftung (KAS),
|c 2017.
|
| 300 |
|
|
|a 195 pages :
|b illustrations ;
|c 29 cm.
|
| 504 |
|
|
|a Includes bibliographical references
|
| 526 |
|
|
|a AAL
|
| 541 |
|
|
|a Complimentary copy
|e 33920
|
| 650 |
|
|
|a Climatic changes
|x Risk management
|z Bangladesh.
|9 28683
|
| 650 |
|
|
|a Climatic changes
|z South Asia
|v Congresses.
|9 28702
|
| 650 |
|
|
|a Energy policy
|z Bangladesh
|v Congresses.
|9 28703
|
| 710 |
|
|
|a Bangladesh Institute of Peace and Studies (BIPSS).
|9 28685
|
| 710 |
|
|
|a Centre for South Asian Studies (CSAS).
|9 28704
|
| 710 |
|
|
|a National Defence University, Department of International Relations.
|9 28705
|
| 710 |
|
|
|a Regional Centre for Strategic Studies (RCSS).
|9 28706
|
| 852 |
|
|
|a Ayesha Abed Library
|c General Stacks
|
| 942 |
|
|
|2 ddc
|c BK
|
| 999 |
|
|
|c 40181
|d 40181
|
| 952 |
|
|
|0 0
|1 0
|2 ddc
|4 0
|6 363_738749549200000_ENE
|7 0
|9 64544
|a BRACUL
|b BRACUL
|c GEN
|d 2018-10-30
|e Complimentary copy from BIPSS
|l 0
|o 363.7387495492 ENE
|p 3010033920
|r 2018-10-30
|t 1
|w 2018-10-30
|y BK
|